Pedoman media untuk wanita hamil

Bibliographic Details
Main Author: Hall, Robert E
Format: Book
Published: Bandung : C.V.Pionir Jaya , 1986
Subjects:

MARC

LEADER 00000cam a2200000 7i4500
001 0000009735
002 000010601
005 20000330.0
020 |a T000000810 
090 0 0 |a 618.24   |b HAL 
100 1 |a Hall, Robert E 
245 1 0 |a Pedoman media untuk wanita hamil   |c Robert E.Hall 
260 |a Bandung :   |b C.V.Pionir Jaya ,   |c 1986 
300 |a 199 p. :   |b ill. ;   |c 20 cm. 
650 0 0 |a Child birth 
650 0 0 |a Pregnancy 
999 |a 018725   |b BUKU   |c PINJAMAN   |e PERPUSTAKAAN KOMUNITI PETALING JAYA